Kỹ thuật lạnh cơ sở

Kaydedildi:
Detaylı Bibliyografya
Yazar: Nguyễn, Đức Lợi
Materyal Türü: Kitap
Dil:Undetermined
Baskı/Yayın Bilgisi: Hà Nội Giáo dục 2005
Konular:
Etiketler: Etiketle
Etiket eklenmemiş, İlk siz ekleyin!
Thư viện lưu trữ: Trung tâm Học liệu Trường Đại học Cần Thơ
LEADER 00555nam a2200193Ia 4500
001 CTU_106735
008 210402s9999 xx 000 0 und d
020 |c 48500 
082 |a 621.56 
082 |b L462 
100 |a Nguyễn, Đức Lợi 
245 0 |a Kỹ thuật lạnh cơ sở 
245 0 |c Nguyễn Đức Lợi, Phạm Văn Tùy 
260 |a Hà Nội 
260 |b Giáo dục 
260 |c 2005 
650 |a Low temperature engineering 
904 |i Năm 
980 |a Trung tâm Học liệu Trường Đại học Cần Thơ